Institutions, policies and economic performance /

Uloženo v:
Podrobná bibliografie
Další autoři: Brunner, Karl, 1916-, Meltzer, Allan H.
Médium: Kniha
Jazyk:English
Vydáno: Amsterdam ; New York : North-Holland Pub. Co., 1976.
Edice:Carnegie-Rochester conference series on public policy ; v. 4
Témata:
LEADER 01422nam a2200325 i 4500
001 c000329800
003 CARM
005 00000000000000.0
008 760922s1976 ne b 100 0 eng
019 1 |a 773770  |z 40256620  |5 LACONCORD2021 
020 |a 0720405645 
035 |a (OCoLC)2508016  |5 LACONCORD2021 
043 |a n-us--- 
050 0 0 |a HC106.7  |b .I57 
082 0 0 |a 330.9/73/0925 
245 0 0 |a Institutions, policies and economic performance /  |c editors, Karl Brunner, Allan H. Meltzer. 
260 |a Amsterdam ;  |a New York :  |b North-Holland Pub. Co.,  |c 1976. 
300 |a viii, 353 p. :  |b graphs ;  |c 24 cm. 
490 0 |a Carnegie-Rochester conference series on public policy ;  |v v. 4 
500 |a Papers presented at Carnegie-Rochester Conference on Public Policy held Nov. 1974 and April 1975. 
504 |a Includes bibliographies. 
610 2 0 |a Organisation for Economic Co-operation and Development  |x Congresses. 
610 1 0 |a United States.  |b Federal Home Loan Bank Board  |x Congresses. 
650 0 |a Inflation (Finance)  |x Congresses. 
651 0 |a United States  |x Economic policy  |y 1971-1981  |x Congresses. 
700 1 |a Brunner, Karl,  |d 1916- 
700 1 |a Meltzer, Allan H. 
852 8 |b CARM  |h A1:AL35G0  |i B10377  |p 0454847  |f BK 
999 f f |i e7f5a854-6bfb-50dd-b125-2afcfa5679e0  |s bce3495d-664e-537b-bd06-62b1ea2da4cb 
952 f f |p Can circulate  |a CAVAL  |b CAVAL  |c CAVAL  |d CARM 1 Store  |e B10377  |f A1:AL35G0  |h Other scheme  |i book  |m 0454847